000 00581nam a2200205 a 4500
005 20140311163009.0
008 051010s19uu xx 00 eng d
020 _a8931435029
050 _aTR 267.5
_b.L449 2003
100 _aLee, Zack
245 _a40 digital photo retouching techniques /
_cZack Lee.
260 _aSeoul, Korea :
_bYoungjin.com, Inc,
_c2003.
300 _a196 p. ;
_c19 cm.
521 _aMC
650 _aPhotography
_xDigital techniques.
650 _aImage processing
_xDigital techniques.
942 _cBK
_2lcc
_kFOR
999 _c39358
_d39358